| 000 | 01061nam a2200397Ia 4500 | ||
|---|---|---|---|
| 001 | 3348 | ||
| 008 | 191123s9999 xx 000 0 und d | ||
| 041 | _aspa | ||
| 044 | _aag | ||
| 100 | _aSalón Nacional de Grabado y Dibujo (17: 1981: Argentina) | ||
| 245 | 0 | _aCatálogo ilustrado y documental. | |
| 260 |
_aBuenos Aires : _bSubsecretaría de Cultura, _c1981. |
||
| 300 | _a87 p. | ||
| 500 | _aEl Salón homenajeó a Emilio C. Agrelo. Contiene Reglamento, lista de expositores | ||
| 650 | _aARGENTINA | ||
| 650 | _aBIOGRAFIAS | ||
| 650 | _aDIBUJOS | ||
| 650 | _aGRABADOS | ||
| 650 | _aGRINBERG, MARIO, | ||
| 650 | _aLUNA ERCILLA, JORGE G. | ||
| 650 | _aMARCHI, JOSE ALBERTO | ||
| 650 | _aSALONES NACIONALES | ||
| 650 | _aSAPIA, ARMANDO | ||
| 650 | _aSCAFATI, LUIS | ||
| 650 | _aSCANNAPIECO, CARLOS ANDRES | ||
| 650 | _aSCAVINO, ALICIA | ||
| 650 | _aZAR, GRACIELA | ||
| 902 | _aM | ||
| 903 | _am | ||
| 904 | _am | ||
| 907 | _aImpreso | ||
| 911 | _ailus. b/n; 23 cm | ||
| 912 | _a1981 | ||
| 942 | _cLIBRO | ||
| 999 |
_c2821 _d2821 |
||